000 00372 a2200157 4500
001 188564
020 _a
040 _cMagnum
100 _aGomes, Leonardo José Magalhães
240 1 0 _aGuerra dos emboabas, 300 anos depois
_lpor
245 1 0 _aGuerra dos emboabas, 300 anos depois
300 _a15
362 0 _a2009
697 _aHISTÓRIA DO BRASIL
942 _cBK
999 _c188564
_d188564